Elche CF Squad 2014-2015 - Statistics

General Stats
  • This quiz has been taken 12 times
  • The average score is 14 of 21
Answer Stats
# Position Nation Player % Correct
3 DF Chile Enzo Roco
100%
20 MF Morocco Fayçal Fajr
100%
- Coach Spain Fran Escribá
100%
22 FW Brazil Jonathas
100%
24 MF Croatia Mario Pašalić
100%
25 GK Poland Przemysław Tytoń
100%
17 MF Spain Víctor Rodríguez
100%
10 FW Spain Coro
80%
2 DF Uruguay Damián Suárez
80%
21 DF Spain Edu Albacar
60%
11 FW Cape Verde Garry Rodrigues
60%
1 GK Spain Manu Herrera
60%
6 MF Spain Pedro Mosquera
60%
8 MF Spain Adrián González
40%
19 FW Spain Álvaro Giménez
40%
9 FW Spain Cristian Herrera
40%
4 DF Spain David Lombán
40%
14 DF Spain José Ángel
40%
7 MF Spain Aarón Ñíguez
20%
5 DF Spain Domingo Cisma
20%
18 DF Spain Sergio Pelegrín
20%
No matching quizzes found
Score Distribution
Percent of People with Each Score
Percentile by Number Answered
Your Score History
You have not taken this quiz